Statistics for objects

Click here to take the quiz!

General Stats

  • This quiz has been taken 15 times
  • The average score is 8 of 8

Answer Stats

Answer% Correct
buttons
100%
car
100%
phone
100%
ruler
100%
paper clips
93%
rubber bands
93%
scissors
93%
pins
73%

Score Distribution

Percentile by Number Answered

Percent of People with Each Score

Your Score History

You have not taken this quiz